Statistics for Superhero/Supervillain Alter-Ego's

Click here to take the quiz!

General Stats

  • This quiz has been taken 48 times
  • The average score is 22 of 36

Answer Stats

Answer% Correct
Bruce WayneBatman
98%
Kal-El/Clark KentSuperman
95%
Diana PrinceWonder Woman
93%
Steve RogersCaptain America
91%
Barry AllenThe Flash
84%
Wade WilsonDeadpool
84%
Oswald CobblepotThe Penguin
81%
Norman OsbornGreen Goblin
79%
Selina KyleCatwoman
79%
Matt MurdockDaredevil
77%
T'ChallaBlack Panther
74%
Clint BartonHawkeye
74%
Hal JordanGreen Lantern
72%
Hank Pym/Scott LangAnt-Man
70%
Otto OctaviusDr Octopus
70%
Frank CastleThe Punisher
67%
Scott SummersCyclops
65%
Slade WilsonDeathstroke
63%
Peter QuillStar-Lord
60%
Johnny BlazeGhost Rider
58%
Hank McCoyThe Beast
53%
Arthur CurryAquaman
53%
James HowlettWolverine
53%
Eobard ThawneReverse Flash
53%
Ben GrimmThe Thing
51%
Sue StormThe Invisible Woman
47%
Kara DanversSupergirl
47%
Jason Todd (older)Red Hood
44%
Remy LeBeauGambit
44%
Pamela IsleyPoison Ivy
40%
Dinah LanceBlack Canary
37%
Thunderbolt RossRed Hulk
33%
Jaime ReyesBlue Beetle
26%
Cain MarkoThe Juggernaut
26%
Max DillonElectro
21%
Jon OstermanDr Manhattan
12%

Score Distribution

Percentile by Number Answered

Percent of People with Each Score

Your Score History

You have not taken this quiz